• 首页
  • 本馆介绍
  • 公告通知
  • 最新文献
  • 馆藏检索
  • 电子资源
  • 读者导购
  • 参考咨询
  • 我的图书馆
  • 登录
  • 详细信息显示
  • 放入我的书架
  • 预约/预借图书
  • 作者相关作品
  • 分类相关作品
  • 丛书相关作品
  • 出版社相关作品

书目信息

  • 表格格式
  • 工作单格式
  • 卡片格式
题名:
中国古代文学批评史
    
 
作者: 蔡镇楚 著
分册:  
出版信息: 长沙   岳麓书社  1999.04
页数: 564页
开本: 20cm
丛书名:
单 册:
中图分类: I206.09
科图分类:
主题词: 文学批评史--中国
电子资源:
ISBN: 7-80520-708-9
000 00551nam0 2200193 45
001 0004101690
005 20050412140325.8
010    @a7-80520-708-9@dCNY23.00
100    @a20000410d1999 km y0chiy0120 ea
101 0  @achi
105    @a z 000yy
200 1  @a中国古代文学批评史@AZhong Guo Gu Dai Wen Xue Pi Ping Shi@f蔡镇楚著@FCai Zhen Chu Zhu
210    @a长沙@c岳麓书社@d1999.04
215    @a564页@d20cm
606 0  @a文学批评史@y中国
690    @aI206.09@v1
701  0 @a蔡镇楚@4著
801    @aCN@bTSTC@c20000410
905    @dI206.09@e10@b287493@f1
    
    中国古代文学批评史/蔡镇楚著.-长沙:岳麓书社,1999.04
    564页;20cm
    
    
    ISBN 7-80520-708-9:CNY23.00
    
●
相关链接 在E读中查询图书 在五车中查询图书 在当当中查询图书 在豆瓣中查询图书


正题名:中国古代文学批评史     索取号:I206.09/10         预约/预借

序号 登录号 条形码 馆藏地/架位号 状态 备注
1 0287489   002874893   第二借阅区/ [索取号:I206.09/10] 在馆    
2 0287490   002874900   第二借阅区/ [索取号:I206.09/10] 在馆    
3 0287491   002874919   第二借阅区/ [索取号:I206.09/10] 在馆    
4 0287492   002874928   第二借阅区/ [索取号:I206.09/10] 在馆    
5 0287493   002874937   第二借阅区/ [索取号:I206.09/10] 在馆    
6 0287494   002874946   第二借阅区/ [索取号:I206.09/10] 在馆    
7 0287495   002874955   第二借阅区/ [索取号:I206.09/10] 在馆    
8 0287496   002874964   第二借阅区/ [索取号:I206.09/10] 在馆    
9 0287497   002874973   第一样本阅览室/ [索取号:I206.09/10] 在馆    
唐山师范学院图书馆 欢迎您!
大连网信软件有限公司© 版权所有